000 00313nam a2200121Ia 4500
008 190216s9999||||xx |||||||||||||| ||und||
100 _aNelson King
245 0 _aVisual Foxpro5.0 For Windows
260 _bBpb Publications
_c1997
300 _a525p
650 _a"Computer Programming. Programs, Data"
942 _cBK
999 _c8624
_d8624